| 000 | 00855nam a22001937a 4500 | ||
|---|---|---|---|
| 999 |
_c59235 _d59235 |
||
| 003 | Ge_BSU | ||
| 005 | 20221222115758.0 | ||
| 008 | 221222s1982ge xxu||||| |||| 00| 0 geo d | ||
| 041 | _ageo | ||
| 080 | _a821.353.1-311.6 გ-62 | ||
| 100 |
_aგოთუა, ლევან, 1905-1973, ავტორი. _916521 |
||
| 245 |
_aთხზულებათა კრებული : 6 _bტომად. ტ. 6, მითრიდატე : [რომანი] / _cლევან გოთუა, რედ.თ.დაუშვილი |
||
| 264 |
_aთბილისი : _bსაბჭ. საქართველო, _c1982. |
||
| 300 |
_a567 გვ. _b22 სმ. |
||
| 653 | _aმითრიდატე | ||
| 653 | _aრომანი | ||
| 700 |
_aდაუშვილი, .თ. _eრედაქტორი _916368 |
||
| 942 |
_2udc _cBK |
||